000 00891nam a2200229Ia 4500
001 16004
003 GE_BSU
008 181216s||||||||xx |||||||||||||| ||und||
040 _cGE_BSU
080 _a821.353.1-32
100 _aხარაიძე, გურამ
245 _aამბავი ჩემი წინაპრისა
245 _bმოთხრობა სულხან-საბა ორბელიანზე
245 _cრედ.ა.დავითიანი. მხ. ჯ.ყავლაშვილი
260 _aთბილისი
260 _bსაბჭ. საქართველო
260 _c1977
300 _a123გვ. ; 16სმ
653 _aამბავი ჩემი წინაპრისა
653 _aმოთხრობა სულხან-საბა ორბელიანზე
942 _cBK
999 _c49097
_d49097